Statistiques concernant Joueurs ayant gagné la Coupe du monde

Cliquez ici pour prendre le quiz!

Statistiques générales

  • Ce quiz a été pris 82 fois
  • Le résultat moyen est 89 sur 467

Statistiques - réponses

GroupHint 1Hint 2Hint 3Réponse% Correct
France - 2018Tottenham HotspurGardien1Hugo Lloris
97%
France - 2018Paris Saint-GermainAttaquant10Kylian Mbappé
94%
France - 2018Paris Saint-GermainGardien23Alphonse Areola
93%
France - 2018Manchester UnitedMilieu6Paul Pogba
93%
France - 2018Olympique de MarseilleGardien16Steve Mandanda
93%
France - 2018Atlético MadridAttaquant7Antoine Griezmann
91%
France - 2018VfB StuttgartDéfenseur2Benjamin Pavard
91%
France - 2018Atlético MadridDéfenseur21Lucas Hernandez
91%
France - 2018Chelsea FCAttaquant9Olivier Giroud
91%
France - 2018FC BarceloneAttaquant11Ousmane Dembélé
91%
France - 2018Real MadridDéfenseur4Raphaël Varane
91%
France - 2018Olympique de MarseilleDéfenseur17Adil Rami
88%
France - 2018Chelsea FCMilieu13N'Golo Kanté
88%
France - 2018Paris Saint-GermainDéfenseur3Presnel Kimpembe
88%
France - 2018FC BarceloneDéfenseur5Samuel Umtiti
88%
Italie - 2006JuventusGardien1Gianluigi Buffon
85%
Allemagne - 2014Bayern MunichGardien1Manuel Neuer
85%
Brésil - 2002Inter MilanAttaquant9Ronaldo
85%
Brésil - 1994Cruzeiro ECAttaquant20Ronaldo
85%
France - 2018JuventusMilieu14Blaise Matuidi
82%
Allemagne de l'Ouest - 1974Bayern MunichAttaquant13Gerd Müller
82%
Brésil - 1994São Paulo FCAttaquant19Müller
82%
Brésil - 1958Santos FCAttaquant10Pelé
82%
Brésil - 1970SantosAttaquant10Pelé
82%
Brésil - 1962Santos FCAttaquant10Pelé
82%
Allemagne - 2014Bayern MunichMilieu13Thomas Müller
82%
Espagne - 2010FC BarceloneMilieu6Andrés Iniesta
81%
France - 2018Manchester CityDéfenseur22Benjamin Mendy
81%
France - 2018Olympique de MarseilleAttaquant20Florian Thauvin
81%
Espagne - 2010Real Madrid CFGardien1Iker Casillas
81%
Brésil - 1958São Paulo FCDéfenseur16Mauro Ramos
81%
Brésil - 1962Santos FCDéfenseur3Mauro Ramos
81%
Espagne - 2010Real Madrid CFDéfenseur15Sergio Ramos
81%
France - 2018Bayern MunichMilieu12Corentin Tolisso
79%
Brésil - 2002Paris SGMilieu11Ronaldinho
78%
Espagne - 2010FC BarceloneMilieu8Xavi
78%
France - 2018Séville FCMilieu15Steven Nzonzi
76%
France - 1998JuventusMilieu10Zinédine Zidane
76%
Espagne - 2010FC BarceloneDéfenseur3Gerard Piqué
75%
France - 2018Olympique lyonnaisAttaquant18Nabil Fekir
75%
Espagne - 2010Valence CFAttaquant7David Villa
73%
France - 2018AS MonacoDéfenseur19Djibril Sidibé
73%
Argentine - 1978Racing ClubMilieu22Ricardo Villa
73%
France - 1998Olympique de MarseilleDéfenseur5Laurent Blanc
72%
Espagne - 2010FC BarceloneDéfenseur5Carles Puyol
70%
Espagne - 2010ChelseaAttaquant9Fernando Torres
70%
France - 1998AS MonacoAttaquant12Thierry Henry
70%
France - 1998AS MonacoGardien16Fabien Barthez
69%
France - 2018AS MonacoAttaquant8Thomas Lemar
69%
France - 1998JuventusMilieu7Didier Deschamps
67%
France - 1998Parme FCDéfenseur15Lilian Thuram
67%
Allemagne - 2014Borussia DortmundDéfenseur5Mats Hummels
67%
Allemagne - 2014Lazio RomeAttaquant11Miroslav Klose
67%
France - 1998AS MonacoAttaquant20David Trezeguet
66%
Allemagne - 2014Arsenal FCMilieu8Mesut Özil
66%
Espagne - 2010FC BarceloneMilieu16Sergio Busquets
66%
Argentine - 1986SSC NaplesAttaquant10Diego Maradona
64%
France - 1998ArsenalMilieu17Emmanuel Petit
64%
Allemagne - 2014Bayern MunichDéfenseur16Philipp Lahm
64%
France - 1998Bayern MunichDéfenseur3Bixente Lizarazu
63%
Italie - 2006JuventusDéfenseur5Fabio Cannavaro
63%
Brésil - 2002Milan ACMilieu10Rivaldo
63%
Brésil - 2002São Paulo FCMilieu23Kaká
61%
France - 1998AC MilanDéfenseur8Marcel Desailly
61%
Allemagne - 2014Bayern MunichMilieu19Mario Götze
61%
Brésil - 2002Real MadridDéfenseur6Roberto Carlos
61%
France - 1998Olympique de MarseilleAttaquant21Christophe Dugarry
58%
Allemagne - 2014Bayern MunichDéfenseur20Jérôme Boateng
58%
France - 1998ArsenalMilieu4Patrick Vieira
58%
Allemagne - 2014Bayern MunichMilieu18Toni Kroos
58%
Espagne - 2010FC BarceloneGardien12Víctor Valdés
58%
Allemagne - 2014Bayern MunichMilieu7Bastian Schweinsteiger
54%
Italie - 2006Inter MilanDéfenseur23Marco Materazzi
54%
Allemagne - 2014Real MadridMilieu6Sami Khedira
54%
Italie - 2006Milan ACMilieu21Andrea Pirlo
52%
France - 1998West HamGardien1Bernard Lama
52%
Brésil - 2002SC CorinthiansGardien12Dida
52%
Brésil - 1958FlamengoAttaquant21Dida
52%
France - 1998ChelseaDéfenseur18Frank Lebœuf
52%
Argentine - 1978River PlateMilieu1Norberto Alonso
52%
Espagne - 2010FC BarceloneAttaquant18Pedro
52%
France - 1998AJ AuxerreAttaquant9Stéphane Guivarc'h
52%
Espagne - 2010Real Madrid CFMilieu14Xabi Alonso
52%
Italie - 2006JuventusAttaquant7Alessandro Del Piero
49%
Italie - 2006Milan ACDéfenseur13Alessandro Nesta
49%
Italie - 2006Milan ACAttaquant18Filippo Inzaghi
49%
France - 1998Inter MilanMilieu6Youri Djorkaeff
49%
Espagne - 2010Arsenal FCMilieu10Cesc Fàbregas
48%
France - 1998Real MadridMilieu19Christian Karembeu
48%
Espagne - 2010FC LiverpoolGardien23Pepe Reina
48%
France - 1998FC MetzMilieu11Robert Pirès
48%
Brésil - 2002AS RomeDéfenseur2Cafu
46%
Brésil - 1994São Paulo FCDéfenseur14Cafú
46%
Espagne - 2010Valence CFMilieu21David Silva
45%
Brésil - 2002Atlético MineiroMilieu8Gilberto Silva
45%
Brésil - 1994Deportivo La CorogneMilieu5Mauro Silva
45%
Italie - 2006Milan ACMilieu8Gennaro Gattuso
42%
Allemagne de l'Ouest - 1954Bayern MunichDéfenseur4Hans Bauer
42%
Italie - 1982JuventusAttaquant20Paolo Rossi
42%
Italie - 2006AS RomeMilieu10Francesco Totti
40%
Allemagne de l'Ouest - 1974Bayern MunichDéfenseur5Franz Beckenbauer
40%
Brésil - 1962BotafogoAttaquant7Garrincha
40%
Brésil - 1958BotafogoAttaquant11Garrincha
40%
France - 1998AS RomeDéfenseur2Vincent Candela
40%
France - 1998AJ AuxerreGardien22Lionel Charbonnier
37%
Brésil - 1994FC BarceloneAttaquant11Romário
37%
Espagne - 2010Real Madrid CFDéfenseur17Álvaro Arbeloa
36%
Allemagne - 2014Chelsea FCMilieu9André Schürrle
33%
Allemagne - 2014Schalke 04Défenseur4Benedikt Höwedes
31%
France - 1998AJ AuxerreMilieu13Bernard Diomède
31%
Angleterre - 1966Manchester UnitedMilieu9Bobby Charlton
31%
Angleterre - 1966Leeds UnitedDéfenseur5Jack Charlton
31%
Allemagne de l'Ouest - 1954Greuther FürthDéfenseur8Karl Mai
31%
Allemagne - 2014Arsenal FCMilieu10Lukas Podolski
31%
France - 1998SampdoriaMilieu14Alain Boghossian
30%
Italie - 1982JuventusGardien1Dino Zoff
30%
Brésil - 1994VfB StuttgartMilieu8Dunga
30%
Allemagne - 2014Schalke 04Milieu14Julian Draxler
30%
Allemagne de l'Ouest - 1990Inter MilanMilieu10Lothar Matthäus
30%
Brésil - 1970BotafogoAttaquant13Roberto
30%
Brésil - 1994Reggiana ACGardien1Taffarel
30%
Italie - 2006AS RomeMilieu4Daniele De Rossi
28%
Italie - 2006US PalermeDéfenseur3Fabio Grosso
28%
Brésil - 2002Bayer LeverkusenDéfenseur3Lúcio
28%
Brésil - 1994Deportivo La CorogneAttaquant7Bebeto
27%
Espagne - 2010Séville FCAttaquant22Jesús Navas
27%
Brésil - 1970BotafogoMilieu18Paulo César
27%
Espagne - 2010Real Madrid CFDéfenseur2Raúl Albiol
27%
Angleterre - 1966West Ham UnitedDéfenseur6Bobby Moore
25%
Italie - 2006AC FiorentinaAttaquant9Luca Toni
25%
Italie - 2006JuventusMilieu16Mauro Camoranesi
25%
Allemagne - 2014Arsenal FCDéfenseur17Per Mertesacker
25%
Uruguay - 1950CA CerroAttaquantRubén Moran
25%
Italie - 2006JuventusDéfenseur19Gianluca Zambrotta
24%
Allemagne de l'Ouest - 1990AS RomeAttaquant9Rudi Völler
24%
Espagne - 2010Villareal CFDéfenseur11Joan Capdevila
22%
Argentine - 1978Valence CFAttaquant10Mario Kempes
22%
Allemagne - 2014Borussia DortmundGardien22Roman Weidenfeller
22%
Brésil - 1970SantosDéfenseur4Carlos Alberto
21%
Espagne - 2010Athletic BilbaoMilieu20Javi Martínez
21%
Brésil - 1994Paris SGMilieu10Raí
21%
Uruguay - 1950Rampla JuniorsDéfenseurWilliam Martinez
21%
Espagne - 2010Athletic BilbaoAttaquant19Fernando Llorente
19%
Brésil - 2002Olympique lyonnaisDéfenseur5Edmílson
18%
Brésil - 1970PalmeirasGardien22Leão
18%
Brésil - 1994São Paulo FCDéfenseur16Leonardo
18%
Italie - 2006Milan ACAttaquant11Alberto Gilardino
16%
Allemagne - 2014Borussia MönchengladbachMilieu23Christoph Kramer
16%
Brésil - 1962PortuguesaMilieu18Jair
16%
Allemagne de l'Ouest - 1990Inter MilanAttaquant18Jürgen Klinsmann
16%
Angleterre - 1966BlackpoolMilieu7Alan Ball
15%
Brésil - 1962BotafogoMilieu8Didi
15%
Brésil - 1958BotafogoMilieu6Didi
15%
Italie - 1982Milan ACDéfenseur2Franco Baresi
15%
Espagne - 2010Valence CFMilieu13Juan Mata
15%
Allemagne - 2014Sampdoria GênesDéfenseur21Shkodran Mustafi
15%
Brésil - 1958PortuguesaDéfenseur4Djalma Santos
13%
Brésil - 1962PalmeirasDéfenseur2Djalma Santos
13%
Brésil - 1994BordeauxDéfenseur15Márcio Santos
13%
Brésil - 1962BotafogoDéfenseur6Nilton Santos
13%
Brésil - 1958BotafogoDéfenseur12Nilton Santos
13%
Italie - 2006US PalermeDéfenseur6Andrea Barzagli
12%
Allemagne de l'Ouest - 1990Inter MilanDéfenseur3Andreas Brehme
12%
Angleterre - 1966Leicester CityGardien1Gordon Banks
12%
Brésil - 1970BotafogoMilieu7Jairzinho
12%
Argentine - 1986FC NantesMilieu7Jorge Burruchaga
12%
Uruguay - 1930Peñarol MontevideoMilieuLorenzo Fernandez
12%
Brésil - 2002SE PalmeirasGardien1Marcos
12%
Brésil - 2002Milan ACDéfenseur4Roque Júnior
12%
Brésil - 1958Vasco de GamaAttaquant20Vava
12%
Brésil - 1962PalmeirasAttaquant19Vava
12%
Espagne - 2010Valence CFDéfenseur4Carlos Marchena
10%
Italie - 1938Inter MilanAttaquantGiuseppe Meazza
10%
Italie - 1934Inter MilanAttaquantGiuseppe Meazza
10%
Brésil - 2002Parme FCDéfenseur16Júnior
10%
Allemagne - 2014SC FribourgDéfenseur3Matthias Ginter
10%
Allemagne de l'Ouest - 1974Bayern MunichGardien1Sepp Maier
10%
Brésil - 1994AS RomeDéfenseur13Aldair
9%
Brésil - 2002Betis SévilleMilieu17Denílson
9%
Brésil - 1958FlamengoAttaquant7Mario Zagallo
9%
Brésil - 1962BotafogoAttaquant21Mario Zagallo
9%
Brésil - 2002São Paulo FCGardien22Rogério Ceni
9%
Allemagne - 2014Hanovre 96Gardien12Ron-Robert Zieler
9%
Argentine - 1978River PlateDéfenseur19Daniel Passarella
7%
Argentine - 1986AC FiorentinaDéfenseur6Daniel Passarella
7%
Angleterre - 1966West Ham UnitedAttaquant10Geoff Hurst
7%
Brésil - 1962Santos FCGardien1Gilmar
7%
Brésil - 1958SC CorinthiansGardien3Gilmar
7%
Brésil - 1994CR FlamengoGardien22Gilmar
7%
Uruguay - 1950NacionalAttaquantJulio Pérez
7%
Allemagne de l'Ouest - 1974Bayern MunichDéfenseur3Paul Breitner
7%
Brésil - 1958Santos FCAttaquant22Pepe
7%
Brésil - 1962Santos FCAttaquant11Pepe
7%
Italie - 2006AS RomeMilieu20Simone Perrotta
7%
Brésil - 1994SE PalmeirasMilieu9Zinho
7%
Brésil - 2002São Paulo FCDéfenseur13Belletti
6%
Allemagne - 2014Borussia DortmundDéfenseur15Erik Durm
6%
Brésil - 2002CR FlamengoMilieu19Juninho Paulista
6%
Italie - 1982JuventusMilieu14Marco Tardelli
6%
Brésil - 1994Bayer LeverkusenAttaquant18Paulo Sérgio
6%
Brésil - 1970CorinthiansMilieu11Rivelino
6%
Brésil - 1970CruzeiroAttaquant9Tostão
6%
Italie - 2006Udinese CalcioAttaquant15Vincenzo Iaquinta
6%
Brésil - 1970PortuguesaDéfenseur21Zé Maria
6%
Allemagne de l'Ouest - 1990FC NurembergGardien22Andreas Köpke
4%
Italie - 2006Lazio RomeGardien12Angelo Peruzzi
4%
Brésil - 1994Fluminense FCDéfenseur6Branco
4%
Italie - 1982AS RomeMilieu16Bruno Conti
4%
Allemagne de l'Ouest - 1954FC KaiserslauternMilieu16Fritz Walter
4%
Italie - 1982JuventusDéfenseur7Gaetano Scirea
4%
Brésil - 1970São PauloMilieu8Gérson
4%
Italie - 1982Inter MilanDéfenseur3Giuseppe Bergomi
4%
Argentine - 1986Real MadridAttaquant11Jorge Valdano
4%
Argentine - 1986Atlético NacionalDéfenseur5José Luis Brown
4%
Brésil - 2002Atlético ParanaenseMilieu15Kléberson
4%
Allemagne de l'Ouest - 1954FC KaiserslauternAttaquant15Ottmar Walter
4%
Argentine - 1978Défenseur20Alberto Tarantini
3%
Italie - 1982Inter MilanAttaquant18Alessandro Altobelli
3%
Brésil - 1962BotafogoAttaquant20Amarildo
3%
Brésil - 2002Grêmio Porto AlegreDéfenseur14Anderson Polga
3%
Italie - 1982JuventusDéfenseur4Antonio Cabrini
3%
Allemagne de l'Ouest - 1974Borussia MönchengladbachDéfenseur2Berti Vogts
3%
Italie - 1982JuventusDéfenseur6Claudio Gentile
3%
Argentine - 1978IndependienteAttaquant4Daniel Bertoni
3%
Brésil - 2002Cruzeiro ECAttaquant20Edílson
3%
Allemagne de l'Ouest - 1974Borussia MönchengladbachMilieu10Günter Netzer
3%
Brésil - 1994Bayern MunichDéfenseur2Jorginho
3%
Allemagne de l'Ouest - 1990Bayern MunichDéfenseur4Jürgen Kohler
3%
Brésil - 2002Grêmio Porto AlegreAttaquant21Luizão
3%
Italie - 2006Livourne CalcioGardien14Marco Amelia
3%
Italie - 2006Lazio RomeDéfenseur22Massimo Oddo
3%
Brésil - 1994SE PalmeirasMilieu17Mazinho
3%
Argentine - 1986River PlateGardien18Nery Pumpido
3%
Argentine - 1978CA HuracanMilieu2Osvaldo Ardiles
3%
Uruguay - 1930Nacional MontevideoAttaquantPedro Cea
3%
Allemagne de l'Ouest - 1990FC CologneMilieu7Pierre Littbarski
3%
Brésil - 2002São Paulo FCMilieu7Ricardinho
3%
Brésil - 1994Santos FCDéfenseur3Ricardo Rocha
3%
Italie - 1938Genoa CFCAttaquantSergio Bertoni
3%
Italie - 1938Lazio RomeAttaquantSilvio Piola
3%
Brésil - 2002Fluminense FCMilieu18Vampeta
3%
Brésil - 1994SC CorinthiansAttaquant21Viola
3%
Brésil - 1962FluminenseDéfenseur15Altair
1%
Argentine - 1978Newell's Old BoysMilieu6Américo Gallego
1%
Allemagne de l'Ouest - 1990Borussia DortmundMilieu17Andreas Möller
1%
Uruguay - 1950NacionalGardienAnibal Paz
1%
Allemagne de l'Ouest - 1954Fortuna DüsseldorfGardien1Anton Turek
1%
Allemagne de l'Ouest - 1990FC CologneGardien1Bodo Illgner
1%
Brésil - 1970SantosMilieu5Clodoaldo
1%
Brésil - 1962Santos FCAttaquant9Coutinho
1%
Italie - 2006US PalermeDéfenseur2Cristian Zaccardo
1%
Argentine - 1978Racing ClubDéfenseur11Daniel Killer
1%
Brésil - 1970SantosAttaquant19Edu
1%
Uruguay - 1950CA PeñarolAttaquantErnesto Vidal
1%
Brésil - 1970FluminenseGardien1Félix
1%
Italie - 1982UdineseMilieu15Franco Causio
1%
Allemagne de l'Ouest - 1990Borussia DortmundAttaquant11Frank Mill
1%
Angleterre - 1966FulhamDéfenseur2George Cohen
1%
Argentine - 1978CA HuracanGardien3Héctor Baley
1%
Argentine - 1986River PlateMilieu12Héctor Enrique
1%
Allemagne de l'Ouest - 1954Rot-Weiss EssenAttaquant12Helmut Rahn
1%
Angleterre - 1966Tottenham HotspurAttaquant8Jimmy Greaves
1%
Uruguay - 1950CA PeñarolMilieuJuan Alberto Schiaffino
1%
Uruguay - 1950CA PeñarolDéfenseurJuan Carlos Gonzalez
1%
Allemagne de l'Ouest - 1974Borussia MönchengladbachAttaquant11Jupp Heynckes
1%
Allemagne de l'Ouest - 1990Werder BrêmeAttaquant13Karl-Heinz Riedle
1%
Allemagne - 2014Borussia DortmundDéfenseur2Kevin Großkreutz
1%
Allemagne de l'Ouest - 1990Bayern MunichDéfenseur5Klaus Augenthaler
1%
Argentine - 1978River PlateAttaquant14Leopoldo Luque
1%
Italie - 1934JuventusMilieuLuis Monti
1%
Brésil - 1970FluminenseDéfenseur6Marco Antônio
1%
Italie - 1938Genoa CFCMilieuMario Genta
1%
Angleterre - 1966West Ham UnitedMilieu16Martin Peters
1%
Uruguay - 1950CA CerroDéfenseurMatias Gonzalez
1%
Angleterre - 1966Manchester UnitedMilieu4Nobby Stiles
1%
Angleterre - 1966Leeds UnitedMilieu18Norman Hunter
1%
Argentine - 1978IndependienteMilieu12Omar Larrosa
1%
Argentine - 1986Club Ferro Carril OesteDéfenseur13Oscar Garré
1%
Argentine - 1978River PlateAttaquant16Oscar Ortiz
1%
Argentine - 1986River PlateDéfenseur19Oscar Ruggeri
1%
Brésil - 1970CruzeiroMilieu3Piazza
1%
Italie - 1938JuventusDéfenseurPietro Rava
1%
Allemagne de l'Ouest - 1990Bayern MunichGardien12Raimond Aumann
1%
Angleterre - 1966EvertonDéfenseur3Ray Wilson
1%
Angleterre - 1966LiverpoolAttaquant21Roger Hunt
1%
Brésil - 1994São Paulo FCDéfenseur4Ronaldão
1%
Argentine - 1986Newell's Old BoysAttaquant1Sergio Almiron
1%
Italie - 2006US PalermeMilieu17Simone Barone
1%
Allemagne de l'Ouest - 1990AS RomeDéfenseur14Thomas Berthold
1%
Argentine - 1978River PlateGardien5Ubaldo Fillol
1%
Italie - 1938Inter MilanMilieuUgo Locatelli
1%
Allemagne de l'Ouest - 1974FC CologneMilieu12Wolfgang Overath
1%
Brésil - 1994São Paulo FCGardien12Zetti
1%
Brésil - 1970CorinthiansGardien12Ado
0%
Uruguay - 1950CA PeñarolAttaquantAlcides Ghiggia
0%
Italie - 1938AS RomeMilieuAldo Donati
0%
Italie - 1938AS Lucchese-LibertasGardienAldo Olivieri
0%
Italie - 1938JuventusDéfenseurAlfredo Foni
0%
Allemagne de l'Ouest - 1954Eintracht FrancfortMilieu19Alfred Pfaff
0%
Uruguay - 1930Peñarol MontevideoMilieuAlvaro Gestido
0%
Italie - 1938Bologne FCAttaquantAmedeo Biavati
0%
Italie - 1934AS RomeAttaquantAnfilogino Guarisi
0%
Uruguay - 1930Bella Vista MontevideoMilieuAngel Melogno
0%
Italie - 1934Bologne FCAttaquantAngelo Schiavio
0%
Italie - 1934Inter MilanMilieuArmando Castellazzi
0%
Italie - 1934Inter MilanAttaquantAttilio Demaria
0%
Italie - 1934AS RomeMilieuAttilio Ferraris
0%
Brésil - 1970PalmeirasDéfenseur14Baldocchi
0%
Allemagne de l'Ouest - 1974Eintracht FrancfortAttaquant17Bernd Hölzenbein
0%
Allemagne de l'Ouest - 1974FC CologneMilieu8Bernhard Cullmann
0%
Allemagne de l'Ouest - 1954Schalke 04Attaquant19Bernhard Klodt
0%
Brésil - 1970FlamengoDéfenseur2Brito
0%
Italie - 1938US TriesteAttaquantBruno Chizzo
0%
Italie - 1938Bologne FCGardienCarlo Ceresoli
0%
Brésil - 1958FluminenseGardien1Carlos José Castilho
0%
Brésil - 1962FluminenseGardien22Carlos José Castilho
0%
Uruguay - 1930Peñarol MontevideoMilieuCarlos Riolfo
0%
Uruguay - 1950Danubio FCAttaquantCarlos Romero
0%
Argentine - 1986Boca JuniorsMilieu20Carlos Tapia
0%
Argentine - 1986Argentinos JuniorsAttaquant4Claudio Borghi
0%
Uruguay - 1930Nacional MontevideoMilieuConduelo Piriz
0%
Brésil - 1970Atlético MineiroAttaquant20Dadá Maravilha
0%
Italie - 1982FiorentinaAttaquant17Daniele Massaro
0%
Allemagne de l'Ouest - 1974Fortuna DüsseldorfAttaquant18Dieter Herzog
0%
Brésil - 1958São Paulo FCMilieu5Dino Sani
0%
Uruguay - 1930Montevideo WanderersDéfenseurDomingo Tejera
0%
Uruguay - 1930Nacional MontevideoDéfenseurEmilio Recoba
0%
Uruguay - 1930Rampla JuniorsGardienEnrique Ballesteros
0%
Italie - 1934AS RomeAttaquantEnrique Guaita
0%
Italie - 1938AS RomeDéfenseurEraldo Monzeglio
0%
Italie - 1934Bologne FCDéfenseurEraldo Monzeglio
0%
Uruguay - 1930Olimpia MontevideoDéfenseurErnesto Mascheroni
0%
Uruguay - 1950NacionalDéfenseurEusebio Tejera
0%
Brésil - 1970GrêmioDéfenseur16Everaldo
0%
Italie - 1934JuventusAttaquantFelice Borel
0%
Brésil - 1970CruzeiroDéfenseur15Fontana
0%
Italie - 1982FiorentinaAttaquant19Francesco Graziani
0%
Italie - 1982Torino FCAttaquant21Franco Selvaggi
0%
Allemagne de l'Ouest - 1954Hambourg SVDéfenseur2Fritz Laband
0%
Italie - 1982Milan ACDéfenseur5Fulvio Collovati
0%
Italie - 1982Inter MilanMilieu13Gabriele Oriali
0%
Angleterre - 1966ArsenalAttaquant22George Eastham
0%
Angleterre - 1966LiverpoolDéfenseur15Gerry Byrne
0%
Italie - 1934JuventusGardienGiampiero Combi
0%
Italie - 1982Inter MilanMilieu11Giampiero Marini
0%
Italie - 1982FiorentinaMilieu9Giancarlo Antognoni
0%
Italie - 1938US TriesteAttaquantGino Colaussi
0%
Italie - 1934JuventusAttaquantGiovanni Ferrari
0%
Italie - 1938Inter MilanAttaquantGiovanni Ferrari
0%
Italie - 1982FiorentinaGardien22Giovanni Galli
0%
Italie - 1934SSC NaplesGardienGiuseppe Cavanna
0%
Italie - 1982Torino FCMilieu10Giuseppe Dossena
0%
Allemagne de l'Ouest - 1990VfB StuttgartDéfenseur6Guido Buchwald
0%
Italie - 1934AS RomeGardienGuido Masetti
0%
Italie - 1938AS RomeGardienGuido Masetti
0%
Allemagne de l'Ouest - 1990Werder BrêmeMilieu21Günter Hermann
0%
Allemagne de l'Ouest - 1974Bayern MunichDéfenseur4Hans-Georg Schwarzenbeck
0%
Allemagne de l'Ouest - 1990Bayern MunichDéfenseur19Hans Pflügler
0%
Allemagne de l'Ouest - 1954FC CologneAttaquant20Hans Schäfer
0%
Uruguay - 1930Nacional MontevideoAttaquantHéctor Castro
0%
Uruguay - 1930Nacional MontevideoAttaquantHéctor Scarone
0%
Uruguay - 1950CA CerroDéfenseurHéctor Vilches
0%
Argentine - 1986Club AméricaGardien22Héctor Zelada
0%
Allemagne de l'Ouest - 1954Borussia DortmundGardien22Heinrich Kwiatkowski
0%
Allemagne de l'Ouest - 1974FC CologneMilieu15Heinz Flohe
0%
Allemagne de l'Ouest - 1954FK 03 PirmasensGardien21Heinz Kubsch
0%
Allemagne de l'Ouest - 1974Schalke 04Défenseur20Helmut Kremers
0%
Allemagne de l'Ouest - 1954Greuther FürthDéfenseur5Herbert Erhardt
0%
Allemagne de l'Ouest - 1974Borussia MönchengladbachMilieu7Herbert Wimmer
0%
Brésil - 1958Vasco de GamaDéfenseur2Hilderaldo Luis Bellini
0%
Brésil - 1962São Paulo FCDéfenseur13Hilderaldo Luis Bellini
0%
Allemagne de l'Ouest - 1974Werder BrêmeDéfenseur6Horst-Dieter Höttges
0%
Allemagne de l'Ouest - 1954FC KaiserslauternMilieu6Horst Eckel
0%
Angleterre - 1966LiverpoolAttaquant20Ian Callaghan
0%
Italie - 1982Inter MilanGardien12Ivano Bordon
0%
Brésil - 1962FluminenseDéfenseur12Jair Marinho
0%
Angleterre - 1966BlackpoolDéfenseur14Jimmy Armfield
0%
Brésil - 1958FlamengoMilieu17Joel
0%
Brésil - 1970SantosDéfenseur17Joel
0%
Angleterre - 1966Manchester UnitedAttaquant11John Connelly
0%
Argentine - 1978San LorenzoDéfenseur15Jorge Olguin
0%
Brésil - 1958PalmeirasAttaquant18José Altafini
0%
Uruguay - 1930Nacional MontevideoMilieuJosé Andrade
0%
Allemagne de l'Ouest - 1954Hambourg SVDéfenseur7Josef Posipal
0%
Argentine - 1986CA Vélez SársfieldDéfenseur9José Luis Cuciuffo
0%
Uruguay - 1930Bella Vista MontevideoDéfenseurJosé Nasazzi
0%
Argentine - 1978Club Atlético TalleresMilieu21José Valencia
0%
Uruguay - 1950Danubio FCAttaquantJuan Burgeno
0%
Uruguay - 1930Miramar MisionesAttaquantJuan Carlos Calvo
0%
Uruguay - 1950CA PeñarolAttaquantJulio César Britos
0%
Argentine - 1986Boca JuniorsMilieu16Julio Olarticoechea
0%
Allemagne de l'Ouest - 1974Bayern MunichDéfenseur19Jupp Kapellmann
0%
Brésil - 1962EC São BentoDéfenseur14Jurandir
0%
Allemagne de l'Ouest - 1974Eintracht FrancfortMilieu9Jürgen Grabowski
0%
Allemagne de l'Ouest - 1954KSV Hessen KasselAttaquant11Karl-Heinz Metzner
0%
Italie - 1934Inter MilanDéfenseurLuigi Allemandi
0%
Italie - 1934JuventusMilieuLuigi Bertolini
0%
Argentine - 1978Club Atlético TalleresDéfenseur7Luis Galvan
0%
Argentine - 1986Estudiantes LPGardien15Luis Islas
0%
Uruguay - 1950CentralAttaquantLuis Rijo
0%
Argentine - 1986Elche CFMilieu21Marcelo Trobbiani
0%
Italie - 1938Genoa CFCMilieuMario Perazzolo
0%
Italie - 1934ACF FiorentinaMilieuMario Pizziolo
0%
Italie - 1934JuventusDéfenseurMario Varglien
0%
Allemagne de l'Ouest - 1954FC NurembergMilieu13Maximilian Morlock
0%
Brésil - 1962Santos FCMilieu17Mengalvio
0%
Italie - 1938Bologne FCMilieuMichele Andreolo
0%
Uruguay - 1930Peñarol MontevideoGardienMiguel Capuccini
0%
Argentine - 1978Club Atlético TalleresMilieu17Miguel Oviedo
0%
Brésil - 1958FlamengoMilieu13Moacir
0%
Argentine - 1986IndependienteDéfenseur8Néstor Clausen
0%
Brésil - 1958São Paulo FCDéfenseur14Nilton de Sordi
0%
Allemagne de l'Ouest - 1974Schalke 04Gardien21Norbert Nigbur
0%
Uruguay - 1950CA PeñarolMilieuObdulio Varela
0%
Allemagne de l'Ouest - 1990Bayern MunichMilieu20Olaf Thon
0%
Brésil - 1958SC CorinthiansDéfenseur8Oreco
0%
Brésil - 1958Vasco de GamaDéfenseur15Orlando Peçanha
0%
Uruguay - 1950CA PeñarolAttaquantOscar Miguez
0%
Uruguay - 1930Bella Vista MontevideoAttaquantPablo Dorado
0%
Allemagne de l'Ouest - 1954FC CologneDéfenseur9Paul Mebus
0%
Allemagne de l'Ouest - 1990MSV DuisbourgDéfenseur16Paul Steiner
0%
Argentine - 1986US LecceAttaquant17Pedro Pasculli
0%
Uruguay - 1930Nacional MontevideoAttaquantPedro Petrone
0%
Uruguay - 1930Peñarol MontevideoAttaquantPeregrino Anselmo
0%
Angleterre - 1966ChelseaGardien13Peter Bonetti
0%
Italie - 1934Milan ACMilieuPietro Arcari
0%
Italie - 1938Torino FCAttaquantPietro Ferraris
0%
Italie - 1938US TriesteAttaquantPietro Pasinati
0%
Italie - 1938AS RomeMilieuPietro Serantoni
0%
Italie - 1982SampdoriaDéfenseur8Pietro Vierchowod
0%
Italie - 1934JuventusAttaquantRaimundo Orsi
0%
Allemagne de l'Ouest - 1974Borussia MönchengladbachMilieu16Rainer Bonhof
0%
Italie - 1938Inter MilanMilieuRenato Olmi
0%
Argentine - 1978CA HuracanAttaquant9René Houseman
0%
Argentine - 1986IndependienteMilieu3Ricardo Bochini
0%
Argentine - 1986IndependienteMilieu14Ricardo Giusti
0%
Argentine - 1978San LorenzoGardien13Ricardo La Volpe
0%
Allemagne de l'Ouest - 1954FSV FrancfortAttaquant17Richard Herrmann
0%
Uruguay - 1950NacionalMilieuRodolfo Pini
0%
Angleterre - 1966Wolverhampton WanderersMilieu17Ron Flowers
0%
Angleterre - 1966Sheffield WednesdayGardien12Ron Springett
0%
Uruguay - 1950CA PeñarolGardienRoque Maspoli
0%
Argentine - 1978IndependienteMilieu8Rubén Galvan
0%
Argentine - 1978IndependienteDéfenseur18Rubén Pagnanini
0%
Uruguay - 1930Racing Club MontevideoAttaquantSantos Iriarte
0%
Uruguay - 1930Nacional MontevideoAttaquantSantos Urdinaran
0%
Uruguay - 1950NacionalDéfenseurSchubert Gambetta
0%
Argentine - 1986Argentinos JuniorsMilieu2Sergio Batista
0%
Allemagne de l'Ouest - 1990Bayern MunichDéfenseur2Stefan Reuter
0%
Angleterre - 1966SouthamptonAttaquant19Terry Paine
0%
Allemagne de l'Ouest - 1990FC CologneMilieu8Thomas Häßler
0%
Allemagne de l'Ouest - 1974Bayern MunichAttaquant14Uli Hoeneß
0%
Allemagne de l'Ouest - 1954FC AugsbourgAttaquant18Ulrich Biesinger
0%
Italie - 1934JuventusMilieuUmberto Caligaris
0%
Allemagne de l'Ouest - 1990Eintracht FrancfortMilieu15Uwe Bein
0%
Uruguay - 1950CentralMilieuVictor Rodriguez Andrade
0%
Italie - 1934JuventusDéfenseurVirginio Rosetta
0%
Uruguay - 1950CA PeñarolMilieuWashington Ortuño
0%
Allemagne de l'Ouest - 1954FC KaiserslauternDéfenseur3Werner Kohlmeyer
0%
Allemagne de l'Ouest - 1954FC KaiserslauternDéfenseur10Werner Liebrich
0%
Allemagne de l'Ouest - 1974Borussia MönchengladbachGardien22Wolfgang Kleff
0%
Brésil - 1962PalmeirasMilieu16Zequinha
0%
Brésil - 1958Santos FCMilieu19Zito
0%
Brésil - 1962Santos FCMilieu4Zito
0%
Uruguay - 1930Montevideo WanderersAttaquantZoilo Saldombide
0%
Brésil - 1962BanguDéfenseur5Zozimo
0%
Brésil - 1958BanguDéfenseur9Zozimo
0%

Distribution des résultats

Percentile par nombre de réponses

% des personnes avec chaque résultat

Votre développement - résultats

Vous n’avez pas pris ce quiz